Rechtsextremismus und Neue Rechte in Deutschland: Neuvermessung eines politisch-ideologischen Raumes?
Der Band führt sozialwissenschaftliche Analysen und Beiträge aus der amtlichen Verfassungsschutzsicht über Rechtsextremismus / Neue Rechte zusammen. Diese Auseinandersetzung wird vor dem Hintergrund der ideologischen und sozialstrukturellen Veränderungen der letzten Jahre und den Erfahrungen aus and...
| Contributors: | ; |
|---|---|
| Format: | Print Book |
| Language: | German |
| Published: |
Opladen
Leske + Budrich
1998
|
| In: | Year: 1998 |
| Online Access: |
Cover Cover Table of Contents |
| Availability in Tübingen: | Present in Tübingen. IFK: C IX 382 UB: 39 A 89 |
| Check availability: | HBZ Gateway |
| Subito Delivery Service: | Order now. |
| Keywords: |
MARC
| LEADER | 00000cam a2200000 c 4500 | ||
|---|---|---|---|
| 001 | 239012593 | ||
| 003 | DE-627 | ||
| 005 | 20260206202306.0 | ||
| 007 | tu | ||
| 008 | 980122s1998 gw ||||| 00| ||ger c | ||
| 015 | |a 98,A44,0322 |2 dnb | ||
| 016 | 7 | |a 954653580 |2 DE-101 | |
| 020 | |a 9783810020536 |9 978-3-8100-2053-6 | ||
| 020 | |a 3810020532 |c kart. : DM 48.00 |9 3-8100-2053-2 | ||
| 035 | |a (DE-627)239012593 | ||
| 035 | |a (DE-603)055865445 | ||
| 035 | |a (DE-576)068513364 | ||
| 035 | |a (DE-599)GBV239012593 | ||
| 035 | |a (OCoLC)237323017 | ||
| 035 | |a (OCoLC)40272621 | ||
| 035 | |a (DE-604)8121135985 | ||
| 035 | |a (DE-478)952153765 | ||
| 035 | |a (DE-H357)his14764 | ||
| 040 | |a DE-627 |b ger |c DE-627 |e rda | ||
| 041 | |a ger | ||
| 044 | |c XA-DE | ||
| 050 | 0 | |a JN3971.A91 | |
| 082 | 0 | |a 320.53/3/094309049 | |
| 082 | 0 | |a 320.533094309049 |q LoC |2 DDC21oclc | |
| 084 | |a 16 |a 14 |2 sdnb | ||
| 084 | |a 3,6 |2 ssgn | ||
| 084 | |a MS 4710 |2 rvk |0 (DE-625)rvk/123709: | ||
| 084 | |a MG 15380 |2 rvk |0 (DE-625)rvk/122818:12126 | ||
| 084 | |a 89.21 |2 bkl | ||
| 090 | |a a | ||
| 245 | 0 | 0 | |a Rechtsextremismus und Neue Rechte in Deutschland |b Neuvermessung eines politisch-ideologischen Raumes? |c Wolfgang Gessenharter/Helmut Fröchling (Hrsg.) |
| 264 | 1 | |a Opladen |b Leske + Budrich |c 1998 | |
| 300 | |a 290 Seiten |b Diagramme |c 8° | ||
| 336 | |a Text |b txt |2 rdacontent | ||
| 337 | |a ohne Hilfsmittel zu benutzen |b n |2 rdamedia | ||
| 338 | |a Band |b nc |2 rdacarrier | ||
| 500 | |a Enthält Literaturangaben und ein Personenregister | ||
| 520 | |a Der Band führt sozialwissenschaftliche Analysen und Beiträge aus der amtlichen Verfassungsschutzsicht über Rechtsextremismus / Neue Rechte zusammen. Diese Auseinandersetzung wird vor dem Hintergrund der ideologischen und sozialstrukturellen Veränderungen der letzten Jahre und den Erfahrungen aus anderen Ländern geführt. | ||
| 520 | |a Der Band führt sozialwissenschaftliche Analysen und Beiträge aus der amtlichen Verfassungsschutzsicht über Rechtsextremismus/Neue Rechte zusammen. Diese Auseinandersetzung wird vor dem Hintergrund der ideologischen und sozialstrukturellen Veränderungen der letzten Jahre und den Erfahrungen aus anderen Ländern geführt. | ||
| 583 | 1 | |a Archivierung/Langzeitarchivierung gewährleistet |f SLG |x XA-DE-NI |z Bücherarchiv der GWV-Verlage |2 pdager |5 DE-84 | |
| 583 | 1 | |a Archivierung/Langzeitarchivierung gewährleistet |f SLG |x XA-DE-BW |z BfZ |2 pdager |5 DE-24 | |
| 650 | 0 | 7 | |0 (DE-588)4120795-6 |0 (DE-627)105773913 |0 (DE-576)20953804X |a Neue Rechte |2 gnd |
| 650 | 0 | 7 | |0 (DE-588)4048829-9 |0 (DE-627)104325372 |0 (DE-576)209079428 |a Rechtsradikalismus |2 gnd |
| 650 | 4 | |a Rechtsradikalismus | |
| 650 | 4 | |a Rechtsextremismus | |
| 650 | 4 | |a Neue Rechte | |
| 650 | 4 | |a Verfassungsschutz | |
| 650 | 4 | |a BRD | |
| 650 | 4 | |a Deutschland | |
| 650 | 4 | |a Politologie | |
| 650 | 4 | |a Rechtsradikalismus | |
| 650 | 4 | |a Fremdenfeindlichkeit | |
| 650 | 4 | |a Verfassungsrecht | |
| 650 | 4 | |a Ideologie | |
| 651 | 7 | |0 (DE-588)4011882-4 |0 (DE-627)104704861 |0 (DE-576)208896155 |a Deutschland |2 gnd | |
| 651 | 7 | |a Deutschland |2 gnd | |
| 651 | 7 | |a Österreich |2 gnd | |
| 651 | 7 | |a Frankreich |2 gnd | |
| 651 | 7 | |a Niederlande |2 gnd | |
| 651 | 7 | |a Usa |2 gnd | |
| 653 | 0 | |a a |a Conservatism |a Germany |a History |a 20th century | |
| 653 | 0 | |a a |a Fascism |a Germany |a History |a 20th century | |
| 653 | 0 | |a a |a Germany |a Politics and government |a 1990- | |
| 655 | 7 | |a Aufsatzsammlung |0 (DE-588)4143413-4 |0 (DE-627)105605727 |0 (DE-576)209726091 |2 gnd-content | |
| 689 | 0 | 0 | |d g |0 (DE-588)4011882-4 |0 (DE-627)104704861 |0 (DE-576)208896155 |a Deutschland |2 gnd |
| 689 | 0 | 1 | |d s |0 (DE-588)4120795-6 |0 (DE-627)105773913 |0 (DE-576)20953804X |a Neue Rechte |2 gnd |
| 689 | 0 | 2 | |d s |0 (DE-588)4048829-9 |0 (DE-627)104325372 |0 (DE-576)209079428 |a Rechtsradikalismus |2 gnd |
| 689 | 0 | |5 DE-101 | |
| 700 | 1 | |a Gessenharter, Wolfgang |d 1942-2019 |e HerausgeberIn |0 (DE-588)128920122 |0 (DE-627)38533396X |0 (DE-576)297399896 |4 edt | |
| 700 | 1 | |a Fröchling, Helmut |e HerausgeberIn |0 (DE-588)1013934229 |0 (DE-627)665407793 |0 (DE-576)347994040 |4 edt | |
| 856 | 4 | 2 | |u http://www.gbv.de/dms/sub-hamburg/239012593.pdf |m V:DE-601 |m B:DE-18 |q pdf/application |x Verlag |y Inhaltsverzeichnis |3 Inhaltsverzeichnis |7 1 |
| 856 | 4 | 2 | |u https://swbplus.bsz-bw.de/bsz068513364cov.jpg |m V:DE-576 |m X:springer |q image/jpeg |v 20140212102812 |3 Cover |7 1 |
| 856 | 4 | 2 | |u http://scans.hebis.de/HEBCGI/show.pl?05586544_cov.jpg |m V:DE-576;X:springer |q image/jpeg |3 Cover |7 1 |
| 935 | |a rexa | ||
| 935 | |i sf | ||
| 935 | |i Blocktest | ||
| 936 | r | v | |a MS 4710 |b Nationalsozialismus, Faschismus, Rechtsradikalismus |k Soziologie |k Spezielle Soziologien |k Politische Soziologie |k Nationalsozialismus, Faschismus, Rechtsradikalismus |0 (DE-627)1271441187 |0 (DE-625)rvk/123709: |0 (DE-576)201441187 |
| 936 | r | v | |a MG 15380 |b Geschichte, Struktur, Probleme |k Politologie |k Politische Systeme einzelner Länder |k Europa, Nordamerika |k Westeuropa, Mitteleuropa |k Bundesrepublik Deutschland |k Bundesrepublik Deutschland |k Parteien und politische Bewegungen |k Mehrere Parteien, Parteiensysteme |k Rechtsradikalismus |k Geschichte, Struktur, Probleme |0 (DE-627)1270709275 |0 (DE-625)rvk/122818:12126 |0 (DE-576)200709275 |
| 936 | b | k | |a 89.21 |j Faschismus |0 (DE-627)106414607 |
| 936 | s | n | |a m100 |2 mzub |
| 936 | s | n | |a m200 |2 mzub |
| 951 | |a BO | ||
| ELC | |b 1 | ||
| LOK | |0 000 xxxxxcx a22 zn 4500 | ||
| LOK | |0 001 3267251613 | ||
| LOK | |0 003 DE-627 | ||
| LOK | |0 004 239012593 | ||
| LOK | |0 005 20020413000000 | ||
| LOK | |0 008 990225||||||||||||||||ger||||||| | ||
| LOK | |0 040 |a DE-21 |c DE-627 |d DE-21 | ||
| LOK | |0 852 |a DE-21 | ||
| LOK | |0 852 1 |c 39 A 89 |9 00 | ||
| LOK | |0 866 |x Ers.Ex.: 01/9 | ||
| LOK | |0 938 |l 39 |8 2 | ||
| LOK | |0 939 |a 25-02-99 |b l01 | ||
| LOK | |0 000 xxxxxcx a22 zn 4500 | ||
| LOK | |0 001 3267251699 | ||
| LOK | |0 003 DE-627 | ||
| LOK | |0 004 239012593 | ||
| LOK | |0 005 20020411000000 | ||
| LOK | |0 008 981109||||||||||||||||ger||||||| | ||
| LOK | |0 040 |a DE-21-110 |c DE-627 |d DE-21-110 | ||
| LOK | |0 852 |a DE-21-110 | ||
| LOK | |0 852 1 |c C IX 382 |m p |9 00 | ||
| LOK | |0 935 |a k110 | ||
| LOK | |0 936ln |a 10.2 | ||
| LOK | |0 938 |k p | ||
| LOK | |0 939 |a 09-11-98 |b l01 | ||
| LOK | |0 000 xxxxxcx a22 zn 4500 | ||
| LOK | |0 001 3267251737 | ||
| LOK | |0 003 DE-627 | ||
| LOK | |0 004 239012593 | ||
| LOK | |0 005 20240617162309 | ||
| LOK | |0 008 041215||||||||||||||||ger||||||| | ||
| LOK | |0 040 |a DE-21-58 |c DE-627 |d DE-21-58 | ||
| LOK | |0 541 |e 98-662 | ||
| LOK | |0 689 |a s |0 1310619700 |a Deutschland(BRD) - Radikalismus - Rechtsradikalismus | ||
| LOK | |0 852 |p 615110606911 | ||
| LOK | |0 852 |a DE-21-58 | ||
| LOK | |0 852 1 |c D XVI 25 |m p |9 00 | ||
| LOK | |0 935 |a k058 | ||
| LOK | |0 938 |k p | ||
| LOK | |0 939 |a 15-12-04 |b l01 | ||
| LOK | |0 000 xxxxxcx a22 zn 4500 | ||
| LOK | |0 001 3267251745 | ||
| LOK | |0 003 DE-627 | ||
| LOK | |0 004 239012593 | ||
| LOK | |0 005 20100407074258 | ||
| LOK | |0 008 050323||||||||||||||||ger||||||| | ||
| LOK | |0 040 |a DE-21-85 |c DE-627 |d DE-21-85 | ||
| LOK | |0 541 |e 98-343 | ||
| LOK | |0 689 |a s |0 1311085629 |a Rechtsradikalismus | ||
| LOK | |0 852 |a DE-21-85 | ||
| LOK | |0 852 1 |c 3.425.1998 |m p |9 00 | ||
| LOK | |0 935 |a k085 | ||
| LOK | |0 938 |k p | ||
| LOK | |0 939 |a 23-03-05 |b l01 | ||
| LOK | |0 000 xxxxxcx a22 zn 4500 | ||
| LOK | |0 001 326725311X | ||
| LOK | |0 003 DE-627 | ||
| LOK | |0 004 239012593 | ||
| LOK | |0 005 19981123000000 | ||
| LOK | |0 008 981104||||||||||||||||ger||||||| | ||
| LOK | |0 040 |a DE-Frei85 |c DE-627 |d DE-Frei85 | ||
| LOK | |0 852 |a DE-Frei85 | ||
| LOK | |0 852 1 |m p |9 00 | ||
| LOK | |0 938 |k p | ||
| LOK | |0 939 |a 04-11-98 |b l01 | ||
| ORI | |a SA-MARC-krimdoka001.raw | ||
| SIG | |a IFK: C IX 382 | ||
| SIG | |a UB: 39 A 89 | ||
| TIM | |a 100019901003_100020261231 |b 1990-10-03 - 2026 | ||
